00809nam a2200253 a 4500001001300000003000900013005001700022008004100039020002300080082001600103100002200119245006500141260004900206300000900255500003500264505003400299650002000333650003300353700002200386902000800408942000700416952011700423999001500540nice12345678IN_TiNIC20260116013117.0050524s1988 pria grp 000 0 eng  a0691465 c38400a940.18bKED aKedar, Benjamin Z aCrusade and Missionb European Approaches Toward the Muslims aPrincetonbPrinceton University Press c1988 a246p aincludes index and biblioraphy2 aBibliography, Glossary, Index aCrusade-History aIslam-Relations Christianity1 aKedar, Benjamin Z bSRS cBK 001040708StackRoom-aHMIbHMId2007-04-02g384.00l0o940.18 KEDp015271r2007-04-02v384.00w2005-05-24yBK c9694d9694